[Event "8th EUR-ch (w)"]
[Site "Dresden GER"]
[Date "2007.04.04"]
[Round "2"]
[White "Mamedyarova, Zeinab"]
[Black "Vogel, Heike"]
[Result "1-0"]
[WhiteElo "2354"]
[BlackElo "2156"]
[EventDate "2007.04.03"]
[PlyCount "41"]

1.d4 c5 2.d5 e5 3.e4 d6 4.Bb5+ Nd7 5.a4 a6 6.Bd3 g6 7.Nf3 Bg7 8.Bg5 Ne7 9.
Na3 h6 10.Bd2 f5 11.Nc4 Nf6 12.Ba5 b6 13.Bxb6 Qd7 14.Bxc5 dxc5 15.Nfxe5 
Qd8 16.d6 fxe4 17.dxe7 Qxe7 18.Nxg6 Qe6 19.Be2 Nd5 20.Bh5 Kd8 21.Nf4 1-0

[Event "8th EUR-ch (w)"]
[Site "Dresden GER"]
[Date "2007.04.04"]
[Round "2"]
[White "Socko, Monika"]
[Black "Paulet, Iozefina"]
[Result "1-0"]
[WhiteElo "2481"]
[BlackElo "2241"]
[EventDate "2007.04.03"]
[PlyCount "79"]

1.d4 Nf6 2.c4 e6 3.Nf3 Bb4+ 4.Bd2 Qe7 5.g3 O-O 6.Bg2 Bxd2+ 7.Nbxd2 d6 8.e4
e5 9.d5 a5 10.O-O Na6 11.Qc2 Nc5 12.Ne1 g6 13.Nd3 Nxd3 14.Qxd3 Nd7 15.Rae1
Nc5 16.Qe3 Bd7 17.f4 f6 18.h4 Rae8 19.f5 gxf5 20.exf5 h5 21.Kh2 Qh7 22.Bh3
Kg7 23.b3 Qh6 24.Qc3 Ra8 25.a3 Kf7 26.Rf2 Rg8 27.b4 axb4 28.axb4 Na4 29.
Qc2 Ra6 30.c5 Ke7 31.Ne4 Rga8 32.Bf1 R6a7 33.cxd6+ cxd6 34.Qc7 b5 35.Qxd6+
Kf7 36.Nc5 Nxc5 37.bxc5 Be8 38.Rxe5 Ra2 39.Re7+ Kg8 40.Rxe8+ 1-0

[Event "8th EUR-ch (w)"]
[Site "Dresden GER"]
[Date "2007.04.04"]
[Round "2"]
[White "Kosintseva, Nadezhda"]
[Black "Golubenko, Valentina"]
[Result "1-0"]
[WhiteElo "2475"]
[BlackElo "2271"]
[EventDate "2007.04.03"]
[PlyCount "89"]

1.e4 e5 2.Nf3 Nc6 3.Bb5 a6 4.Ba4 Nf6 5.O-O b5 6.Bb3 Bc5 7.c3 d6 8.d3 O-O 
9.Bg5 Bb6 10.Nbd2 Ne7 11.Nh4 Bg4 12.Ndf3 Kh8 13.h3 Be6 14.Bc2 Nd7 15.d4 f6
16.Be3 Qe8 17.a4 g5 18.Nf5 Nxf5 19.exf5 Bd5 20.Bb3 Bxb3 21.Qxb3 Rb8 22.Qe6
Rf7 23.a5 Re7 24.Qd5 Ba7 25.dxe5 Bxe3 26.exd6 cxd6 27.fxe3 Rxe3 28.Qxd6 
Qe7 29.Rad1 Qxd6 30.Rxd6 Rb7 31.Rfd1 Ne5 32.Kf2 Nc4 33.Rd8+ Kg7 34.b3 Rxc3
35.bxc4 bxc4 36.R8d7+ Rxd7 37.Rxd7+ Kg8 38.Rd6 Rc2+ 39.Kg3 Ra2 40.Rxa6 c3 
41.Rxf6 Rxa5 42.Rc6 Rxf5 43.Rxc3 h5 44.Rc7 Ra5 45.Re7 1-0

[Event "8th EUR-ch (w)"]
[Site "Dresden GER"]
[Date "2007.04.04"]
[Round "2"]
[White "Gromova, Yulia"]
[Black "Korbut, Ekaterina"]
[Result "0-1"]
[WhiteElo "2252"]
[BlackElo "2429"]
[EventDate "2007.04.03"]
[PlyCount "80"]

1.d4 d5 2.c4 c6 3.Nf3 Nf6 4.e3 e6 5.Bd3 Nbd7 6.b3 Bd6 7.Bb2 Qe7 8.O-O e5 
9.dxe5 Nxe5 10.Nxe5 Bxe5 11.Bxe5 Qxe5 12.Nd2 O-O 13.Nf3 Qc7 14.Rc1 dxc4 
15.Rxc4 h6 16.h3 Be6 17.Rd4 c5 18.Rh4 Rfd8 19.Qe2 a6 20.e4 Nd7 21.e5 Bd5 
22.Be4 Nf8 23.Rc1 Qe7 24.Qe3 Rac8 25.Bxd5 Rxd5 26.Rhc4 b5 27.Re4 Ne6 28.a4
Rcd8 29.Qe2 Rd3 30.axb5 axb5 31.Re3 Nf4 32.Qe1 Qe6 33.Qa5 Qg6 34.Ne1 R8d5 
35.Kh2 Kh7 36.Rxd3 Nxd3 37.Nxd3 Qxd3 38.Rc3 Qd2 39.Qa8 Qf4+ 40.g3 Qxf2+ 
0-1

[Event "8th EUR-ch (w)"]
[Site "Dresden GER"]
[Date "2007.04.04"]
[Round "2"]
[White "Rybenko, Ksenia"]
[Black "Gvetadze, Sopio"]
[Result "0-1"]
[WhiteElo "2239"]
[BlackElo "2411"]
[EventDate "2007.04.03"]
[PlyCount "72"]

1.e4 g6 2.d4 Bg7 3.Nf3 d6 4.Bd3 Nf6 5.O-O O-O 6.Nbd2 c6 7.b3 Nbd7 8.Bb2 
Qc7 9.c4 Nh5 10.Qc2 b6 11.Rfd1 Bb7 12.Nf1 Rad8 13.Ne3 Rfe8 14.b4 Qb8 15.
Rac1 e5 16.dxe5 dxe5 17.c5 Nf4 18.Bc4 Ne6 19.Qb3 Ndf8 20.Nf5 gxf5 21.exf5 
Nf4 22.Ng5 Nd5 23.Bxd5 Rxd5 24.Rxd5 cxd5 25.c6 Bc8 26.Qxd5 Qc7 27.g4 Qe7 
28.Ne4 Rd8 29.Qc4 h6 30.Re1 Nh7 31.Ng3 Qh4 32.c7 Rf8 33.Nh5 Ng5 34.Qe2 Bb7
35.Qe3 Qxg4+ 36.Ng3 Qh3 0-1

[Event "8th EUR-ch (w)"]
[Site "Dresden GER"]
[Date "2007.04.04"]
[Round "2"]
[White "Vajda, Szidonia"]
[Black "Kopinits, Anna-Christina"]
[Result "1-0"]
[WhiteElo "2407"]
[BlackElo "2198"]
[EventDate "2007.04.03"]
[PlyCount "83"]

1.e4 c6 2.d4 d5 3.e5 Bf5 4.Nf3 e6 5.Be2 Be7 6.O-O Bg6 7.b3 Nh6 8.c4 a6 9.
Nc3 O-O 10.Bb2 b5 11.cxd5 cxd5 12.a4 b4 13.Na2 Nc6 14.Bd3 Qb6 15.Bxg6 hxg6
16.Qd3 Nf5 17.Nc1 Rfc8 18.Ne2 Rc7 19.Rac1 Rac8 20.h3 Nb8 21.Rxc7 Rxc7 22.
Rc1 Rxc1+ 23.Bxc1 Nc6 24.g4 Nh4 25.Ng5 a5 26.Kf1 Qd8 27.f4 Qc8 28.Bd2 f6 
29.exf6 gxf6 30.Nf3 Nxf3 31.Qxf3 Nd8 32.Qd3 f5 33.Ng1 Bf6 34.Nf3 Nf7 35.g5
Bg7 36.Qb5 Kh7 37.Qxa5 Qc2 38.Qxb4 Qd1+ 39.Kf2 Qh1 40.a5 Kg8 41.Qb8+ Bf8 
42.Bb4 1-0

[Event "8th EUR-ch (w)"]
[Site "Dresden GER"]
[Date "2007.04.04"]
[Round "2"]
[White "Padurariu, Ioana-Smaranda"]
[Black "Moser, Eva"]
[Result "0-1"]
[WhiteElo "2223"]
[BlackElo "2405"]
[EventDate "2007.04.03"]
[PlyCount "56"]

1.e4 e6 2.d4 d5 3.e5 c5 4.c3 Nc6 5.Nf3 Bd7 6.dxc5 Bxc5 7.b4 Bb6 8.Bd3 f6 
9.Qe2 Nxe5 10.Nxe5 fxe5 11.Qh5+ Kf8 12.Qxe5 Nf6 13.Be3 Bc7 14.Qg5 Kf7 15.
Nd2 e5 16.f3 Re8 17.O-O Kg8 18.Qh4 Bb6 19.Rfe1 e4 20.fxe4 Bxe3+ 21.Rxe3 
Qb6 22.Re1 Ng4 23.Qg3 Nxe3 24.Rxe3 Rac8 25.e5 Rxc3 26.Kh1 Rc1+ 27.Bf1 Qxb4
28.Qf2 Qxd2 0-1

[Event "8th EUR-ch (w)"]
[Site "Dresden GER"]
[Date "2007.04.04"]
[Round "2"]
[White "Melia, Salome"]
[Black "Makka, Ioulia"]
[Result "1-0"]
[WhiteElo "2396"]
[BlackElo "2185"]
[EventDate "2007.04.03"]
[PlyCount "113"]

1.e4 e6 2.d4 d5 3.Nc3 Nf6 4.e5 Nfd7 5.f4 c5 6.Nf3 a6 7.Be3 Qb6 8.Na4 Qc7 
9.dxc5 Nxc5 10.Nxc5 Bxc5 11.Qd2 Bxe3 12.Qxe3 Bd7 13.c3 Nc6 14.Bd3 b5 15.a3
Rb8 16.b4 h6 17.O-O O-O 18.Kh1 Ne7 19.Nd4 f6 20.exf6 Rxf6 21.g3 Qd6 22.
Rae1 Rbf8 23.Kg1 Qb6 24.Nb3 Qxe3+ 25.Rxe3 g5 26.fxg5 hxg5 27.Rxf6 Rxf6 28.
Re5 Kf7 29.Rxg5 Nc6 30.Be2 e5 31.Bh5+ Kf8 32.Rg6 Rxg6 33.Bxg6 e4 34.Bh5 
Ne5 35.Be2 Ke7 36.Kf2 Kf6 37.Ke3 Bg4 38.Bf1 Bd1 39.Nc5 Ng4+ 40.Kd2 Bf3 41.
h3 Nf2 42.Nxa6 Nd1 43.Nc7 e3+ 44.Kd3 Be4+ 45.Ke2 Nxc3+ 46.Kxe3 Ke5 47.Nxb5
d4+ 48.Kd2 Nb1+ 49.Kc1 d3 50.a4 d2+ 51.Kd1 Bf3+ 52.Be2 Bd5 53.Kc2 Be4+ 54.
Kb2 Bd3 55.Bf3 Be4 56.Bd1 Bd3 57.Nc3 1-0

[Event "8th EUR-ch (w)"]
[Site "Dresden GER"]
[Date "2007.04.04"]
[Round "2"]
[White "Rudolph, Anna"]
[Black "Bosboom-Lanchava, Tea"]
[Result "1/2-1/2"]
[WhiteElo "2202"]
[BlackElo "2383"]
[EventDate "2007.04.03"]
[PlyCount "67"]

1.e4 d6 2.d4 g6 3.Nc3 Bg7 4.f4 Nf6 5.Nf3 O-O 6.Bd3 Na6 7.O-O c5 8.d5 Bg4 
9.Bc4 Nc7 10.a4 a6 11.h3 Bd7 12.a5 Nb5 13.Qd3 Nxc3 14.bxc3 e6 15.dxe6 Bxe6
16.Bxe6 fxe6 17.f5 d5 18.e5 gxf5 19.exf6 Qxf6 20.Bd2 Rf7 21.Rae1 c4 22.Qe2
Re8 23.Ne5 Rc7 24.Qh5 Rec8 25.Rf3 Qf8 26.Kh1 Qc5 27.Rg3 Qf2 28.Nf3 Qxg3 
29.Rxe6 Rf8 30.Be1 Qf4 31.Bd2 Qg3 32.Be1 Qf4 33.Bd2 Qg3 34.Be1 1/2-1/2

[Event "8th EUR-ch (w)"]
[Site "Dresden GER"]
[Date "2007.04.04"]
[Round "2"]
[White "Vasylevich, Tatiana"]
[Black "Van Weersel, Arlette"]
[Result "1/2-1/2"]
[WhiteElo "2383"]
[BlackElo "2156"]
[EventDate "2007.04.03"]
[PlyCount "82"]

1.d4 Nf6 2.c4 e6 3.Nc3 Bb4 4.e3 O-O 5.a3 Bxc3+ 6.bxc3 d5 7.cxd5 exd5 8.Bd3
Ne4 9.Ne2 Bg4 10.Qc2 f5 11.Nf4 Rf6 12.c4 c6 13.cxd5 cxd5 14.Nxd5 Rc6 15.
Qb3 Kh8 16.h3 Qa5+ 17.Qb4 Qxd5 18.Qf8+ Qg8 19.Qxg8+ Kxg8 20.hxg4 Rc3 21.
Bxe4 fxe4 22.Bd2 Rc2 23.Ke2 Nd7 24.Rhc1 Rac8 25.f3 h6 26.fxe4 Nf6 27.Kd3 
R2c6 28.d5 Rd8 29.g5 hxg5 30.Rab1 Re6 31.Rb4 Re7 32.Rbc4 Ree8 33.d6 Rd7 
34.Rd4 Re6 35.Rc5 Ng4 36.Bb4 Nf2+ 37.Ke2 Nxe4 38.Rc3 Nf6 39.a4 Kf7 40.Rdc4
a5 41.Ba3 Re8 1/2-1/2

[Event "8th EUR-ch (w)"]
[Site "Dresden GER"]
[Date "2007.04.04"]
[Round "2"]
[White "Dworakowska, Joanna"]
[Black "Sautter, Elke"]
[Result "1-0"]
[WhiteElo "2363"]
[BlackElo "2046"]
[EventDate "2007.04.03"]
[PlyCount "101"]

1.e4 e6 2.d4 d5 3.Nc3 dxe4 4.Nxe4 Nd7 5.Nf3 Ngf6 6.Bd3 Nxe4 7.Bxe4 Nf6 8.
Bg5 Be7 9.Bxf6 Bxf6 10.Qd3 c6 11.O-O-O g6 12.h4 Qa5 13.Kb1 Bd7 14.Ne5 Rf8 
15.h5 O-O-O 16.f4 c5 17.Nc4 Qc7 18.dxc5 Bc6 19.Nd6+ Kb8 20.hxg6 hxg6 21.
Rd2 Rd7 22.Qe3 Be7 23.Rhd1 Rfd8 24.Bxc6 Qxc6 25.Nxf7 Rxd2 26.Rxd2 Rxd2 27.
Qxd2 Qxc5 28.a3 Kc7 29.Ne5 Qb5 30.Qc3+ Kd8 31.Qd3+ Qxd3 32.cxd3 Bh4 33.
Nxg6 Bg3 34.Kc2 Ke8 35.d4 Kf7 36.Ne5+ Kf6 37.Nd3 Kf5 38.a4 b6 39.Kc3 Ke4 
40.b4 Kd5 41.b5 Ke4 42.Kc4 Bh4 43.Ne5 Bf2 44.Nc6 Be3 45.g3 Bf2 46.g4 Kxf4 
47.d5 exd5+ 48.Kxd5 Kxg4 49.Nxa7 Kf4 50.Nc8 Kf5 51.Kc6 1-0

[Event "8th EUR-ch (w)"]
[Site "Dresden GER"]
[Date "2007.04.04"]
[Round "2"]
[White "Smochina, Carolina"]
[Black "Kadimova, Ilaha"]
[Result "1/2-1/2"]
[WhiteElo "2192"]
[BlackElo "2339"]
[EventDate "2007.04.03"]
[PlyCount "22"]

1.d4 d5 2.c4 c6 3.cxd5 cxd5 4.Nc3 Nf6 5.Bf4 Nc6 6.e3 a6 7.Rc1 Bf5 8.Nf3 e6
9.Be2 Nd7 10.O-O Be7 11.a3 O-O 1/2-1/2

[Event "8th EUR-ch (w)"]
[Site "Dresden GER"]
[Date "2007.04.04"]
[Round "2"]
[White "Sokalska, Viktorija"]
[Black "Klinova, Masha"]
[Result "0-1"]
[WhiteElo "2045"]
[BlackElo "2330"]
[EventDate "2007.04.03"]
[PlyCount "102"]

1.e4 e5 2.Nc3 Nf6 3.f4 d6 4.Nf3 Nc6 5.Bc4 Be7 6.O-O a6 7.a4 O-O 8.d3 Nd4 
9.f5 c6 10.g4 d5 11.g5 dxc4 12.gxf6 Bxf6 13.Kh1 cxd3 14.cxd3 b6 15.Rg1 Re8
16.Ng5 h6 17.Nh3 Kf8 18.b3 Bb7 19.Qg4 Nxb3 20.Rb1 Nxc1 21.Rgxc1 b5 22.axb5
axb5 23.Qf3 Ra3 24.Nf2 Bg5 25.Rc2 Qd4 26.Ne2 Qe3 27.Qg2 Qb6 28.Rg1 c5 29.
h4 Bf6 30.Ng3 Rea8 31.Nh5 Ra1 32.Nd1 Ke7 33.Qf2 Rc8 34.Rd2 Qd6 35.Nxg7 Rg8
36.Nh5 Rxg1+ 37.Kxg1 Qd4 38.Nxf6 Kxf6 39.Kg2 c4 40.Ne3 cxd3 41.Ng4+ Ke7 
42.Qxd4 exd4 43.Kf3 Re1 44.Nf2 Re3+ 45.Kf4 Re2 46.Rxe2 dxe2 47.Nd3 b4 48.
Kf3 b3 49.Kxe2 Bxe4 50.Nb2 Bxf5 51.Kf3 Ke6 0-1

[Event "8th EUR-ch (w)"]
[Site "Dresden GER"]
[Date "2007.04.04"]
[Round "2"]
[White "Cherednichenko, Elena"]
[Black "Velikhanli, Firuza"]
[Result "1/2-1/2"]
[WhiteElo "2091"]
[BlackElo "2310"]
[EventDate "2007.04.03"]
[PlyCount "36"]

1.d4 d6 2.Nf3 Nf6 3.c4 g6 4.Nc3 Bg7 5.e4 O-O 6.Be2 e5 7.dxe5 dxe5 8.Qxd8 
Rxd8 9.Bg5 Re8 10.Nd5 Nxd5 11.cxd5 c6 12.Bc4 b5 13.Bb3 Bb7 14.O-O-O cxd5 
15.exd5 Bxd5 16.Rxd5 a6 17.Rhd1 Nc6 18.Kb1 Rac8 1/2-1/2

[Event "8th EUR-ch (w)"]
[Site "Dresden GER"]
[Date "2007.04.04"]
[Round "2"]
[White "Pahtz, Elisabeth"]
[Black "Khudaverdieva, Afag"]
[Result "1-0"]
[WhiteElo "2442"]
[BlackElo "2163"]
[EventDate "2007.04.03"]
[PlyCount "67"]

1.b3 d5 2.Bb2 Nf6 3.e3 e6 4.f4 Be7 5.Nf3 O-O 6.g3 c5 7.Bg2 Nc6 8.O-O Nd7 
9.Qe2 f5 10.Kh1 Bf6 11.d4 g6 12.Ne5 Be7 13.Nxd7 Bxd7 14.dxc5 Bxc5 15.Nd2 
Qb6 16.c4 d4 17.e4 Nb4 18.Nf3 Rae8 19.Ne5 Bc8 20.a3 Nc6 21.b4 Be7 22.c5 
Qd8 23.Nxc6 bxc6 24.Rfd1 e5 25.Qc4+ Kh8 26.fxe5 Bg5 27.Rxd4 Qe7 28.exf5 
Bxf5 29.Rd6 Be6 30.Qe2 Rf7 31.Rxc6 Ref8 32.Bd4 Qd7 33.Rd6 Qc8 34.Qa6 1-0

[Event "8th EUR-ch (w)"]
[Site "Dresden GER"]
[Date "2007.04.04"]
[Round "2"]
[White "Isgandarova, Khayala"]
[Black "Lomineishvili, Maia"]
[Result "1/2-1/2"]
[WhiteElo "2155"]
[BlackElo "2399"]
[EventDate "2007.04.03"]
[PlyCount "115"]

1.e4 c5 2.Nf3 Nc6 3.g3 g6 4.Bg2 Bg7 5.O-O d6 6.c3 e5 7.Na3 Nge7 8.d4 cxd4 
9.cxd4 exd4 10.h3 Be6 11.Bf4 O-O 12.Re1 a6 13.Nc2 Qb6 14.Bxd6 Rfd8 15.Ba3 
Rd7 16.Qd3 Rad8 17.b3 Qa7 18.Rad1 b5 19.g4 Qb6 20.Rd2 Ne5 21.Nxe5 Bxe5 22.
Bxe7 Rxe7 23.Ne3 Rde8 24.Nf1 Rc7 25.Rc2 Rxc2 26.Qxc2 Rc8 27.Qd2 Qc5 28.Rd1
Qc2 29.Ng3 Qxd2 30.Rxd2 Rc1+ 31.Bf1 Bxg3 32.fxg3 Ra1 33.Kf2 Kf8 34.Be2 Ke7
35.e5 Bd5 36.Rxd4 Ke6 37.Rd2 Kxe5 38.Bf3 Bxf3 39.Kxf3 a5 40.h4 a4 41.bxa4 
bxa4 42.g5 Rf1+ 43.Ke3 Rg1 44.Kf3 Rc1 45.Rd7 Rc3+ 46.Kg4 f5+ 47.gxf6 h5+ 
48.Kh3 Kxf6 49.Rd4 Ra3 50.Rd2 Ke5 51.Rb2 Kd4 52.Rb6 Rxa2 53.Rxg6 a3 54.g4 
Ra1 55.Kh2 a2 56.Ra6 hxg4 57.h5 Ke4 58.Kg2 1/2-1/2

[Event "8th EUR-ch (w)"]
[Site "Dresden GER"]
[Date "2007.04.04"]
[Round "2"]
[White "Sokalskaya, Elena"]
[Black "Foisor, Sabina-Francesca"]
[Result "1/2-1/2"]
[WhiteElo "2147"]
[BlackElo "2333"]
[EventDate "2007.04.03"]
[PlyCount "171"]

1.d4 g6 2.Nf3 Bg7 3.c4 d6 4.Nc3 Nd7 5.g3 e5 6.Bg2 Ne7 7.O-O O-O 8.e4 exd4 
9.Nxd4 a6 10.Be3 Ne5 11.b3 Rb8 12.Rc1 c5 13.Nde2 b5 14.cxb5 axb5 15.Qd2 b4
16.Na4 Ba6 17.Rfd1 Qe8 18.Nb2 Nc8 19.Nf4 Ng4 20.Nd5 Nxe3 21.fxe3 Qe5 22.
Nc4 Bxc4 23.Rxc4 Nb6 24.Nxb6 Rxb6 25.Rc2 Qg5 26.Rf1 Be5 27.Rf3 h5 28.Qf2 
Ra6 29.Qf1 Ra7 30.Bh3 Qe7 31.Qc4 Kg7 32.Rcf2 f6 33.Be6 Re8 34.Bd5 Qd7 35.
Qf1 Rf8 36.Rc2 Qg4 37.Rg2 Qc8 38.Rc2 Rh8 39.Rg2 Qg4 40.Rff2 h4 41.Qe2 Qxe2
42.Rxe2 hxg3 43.hxg3 Rh3 44.Kf2 Kf8 45.Be6 Rh1 46.Kf3 Rah7 47.Rc2 Ke7 48.
Bd5 R7h3 49.Bc4 Rh5 50.Kf2 R1h2 51.Kg1 R2h3 52.Kf2 Rg5 53.g4 f5 54.exf5 
gxf5 55.Be2 Rh1 56.Bf3 fxg4 57.Rxg4 Rxg4 58.Bxh1 Rh4 59.Bg2 Ke6 60.Rc4 Rh7
61.Rc2 Rg7 62.Bh3+ Kf6 63.Bg2 Ra7 64.Bd5 Rh7 65.Kg1 Rh3 66.Rf2+ Kg5 67.
Rg2+ Kf6 68.Kf2 Rh7 69.Kf3 Rh1 70.Be4 Rf1+ 71.Rf2 Rxf2+ 72.Kxf2 Ke6 73.Ke2
Bh2 74.Bf3 Ke5 75.Kd3 d5 76.Bh5 Kd6 77.Bf7 Ke5 78.Bg8 Bg1 79.Bf7 Kd6 80.e4
dxe4+ 81.Kxe4 Bf2 82.Bc4 Bg1 83.Bd5 Bf2 84.Bc4 Bg1 85.Bd5 Bf2 86.Bg8 
1/2-1/2

[Event "8th EUR-ch (w)"]
[Site "Dresden GER"]
[Date "2007.04.04"]
[Round "2"]
[White "Kursova, Maria"]
[Black "Fuchs, Judith"]
[Result "1/2-1/2"]
[WhiteElo "2324"]
[BlackElo "2132"]
[EventDate "2007.04.03"]
[PlyCount "94"]

1.d4 Nf6 2.Nf3 g6 3.c4 Bg7 4.g3 d6 5.Bg2 O-O 6.O-O Nc6 7.Nc3 a6 8.d5 Na5 
9.Nd2 c5 10.Rb1 Rb8 11.b3 b5 12.Bb2 Bf5 13.e4 Bd7 14.Ba1 e5 15.h3 Nh5 16.
Qe2 Qe8 17.Kh2 Bh6 18.cxb5 Bxb5 19.Nc4 Nxc4 20.bxc4 Bd7 21.Rxb8 Qxb8 22.
Rb1 Qc7 23.Qb2 Bc8 24.Qb6 Qe7 25.Qc6 Rd8 26.Rb8 Qe8 27.Qc7 Bg5 28.Rb6 Be7 
29.Ne2 Qd7 30.Qc6 f5 31.Bc3 Nf6 32.Qxd7 Nxd7 33.Rc6 Nf6 34.Ba5 Rf8 35.exf5
Bxf5 36.Nc1 Rb8 37.g4 Bc2 38.Rxa6 Rb1 39.Bd2 Rb2 40.Bc3 Rb1 41.Bd2 Rb2 42.
Be3 Ne4 43.Ra8+ Kf7 44.Ra7 Ke8 45.Ra8+ Kf7 46.Ra7 Ke8 47.Ra8+ Kf7 1/2-1/2

[Event "8th EUR-ch (w)"]
[Site "Dresden GER"]
[Date "2007.04.04"]
[Round "2"]
[White "Lauterbach, Ingrid"]
[Black "Meshcheriakova, Evgenia"]
[Result "0-1"]
[WhiteElo "2142"]
[BlackElo "2309"]
[EventDate "2007.04.03"]
[PlyCount "72"]

1.e4 c5 2.Nf3 e6 3.d3 d5 4.Nbd2 Nf6 5.g3 b6 6.Bg2 Bb7 7.O-O Nc6 8.Re1 Be7 
9.c3 Qc7 10.Qc2 Ba6 11.exd5 exd5 12.d4 O-O 13.Ne5 Na5 14.Ndf3 Bd6 15.Ng5 
cxd4 16.Nexf7 d3 17.Qa4 Rxf7 18.Nxf7 Kxf7 19.Bg5 Bb7 20.Bxf6 gxf6 21.Qh4 
Kg7 22.Qg4+ Kh8 23.Qf5 Qf7 24.Qxd3 Nc6 25.b3 Ne5 26.Qf5 Rd8 27.Rad1 Bc8 
28.Qc2 Be6 29.Rd4 Bc5 30.Rf4 Ng6 31.Rf3 Bg4 32.Rd3 Bf5 33.Be4 Re8 34.Bxf5 
Rxe1+ 35.Kg2 Qg7 36.Rxd5 Nf4+ 0-1

[Event "8th EUR-ch (w)"]
[Site "Dresden GER"]
[Date "2007.04.04"]
[Round "2"]
[White "Ionica, Iulia-Ionela"]
[Black "Shmirina, Galina"]
[Result "1/2-1/2"]
[WhiteElo "2276"]
[BlackElo "2115"]
[EventDate "2007.04.03"]
[PlyCount "53"]

1.e4 e6 2.d4 d5 3.Nd2 Nf6 4.e5 Nfd7 5.Bd3 c5 6.c3 Nc6 7.Ne2 cxd4 8.cxd4 f6
9.exf6 Nxf6 10.Nf3 Bd6 11.O-O Qc7 12.Bg5 O-O 13.Bh4 g6 14.Bg3 Nh5 15.Bxd6 
Qxd6 16.Qd2 Nf4 17.Qe3 Nxe2+ 18.Bxe2 Qf4 19.Qxf4 Rxf4 20.Rad1 Bd7 21.g3 
Rf6 22.Nh4 g5 23.Ng2 Be8 24.b3 Bg6 25.Rd2 Kg7 26.Rc1 a6 27.Bg4 1/2-1/2

[Event "8th EUR-ch (w)"]
[Site "Dresden GER"]
[Date "2007.04.04"]
[Round "2"]
[White "Makropoulou, Marina"]
[Black "Winkelmann, Elena"]
[Result "1-0"]
[WhiteElo "2268"]
[BlackElo "2114"]
[EventDate "2007.04.03"]
[PlyCount "47"]

1.e4 c5 2.Nf3 e6 3.d4 cxd4 4.Nxd4 a6 5.Bd3 Bc5 6.Nb3 Be7 7.O-O d6 8.c4 Nd7
9.Nc3 b6 10.Be3 Bb7 11.a4 Ngf6 12.a5 Nc5 13.axb6 Qxb6 14.Na5 Qc7 15.Bxc5 
dxc5 16.e5 Nd7 17.Nxb7 Qxb7 18.Be4 Qc8 19.Bxa8 Qxa8 20.Nb5 Qb7 21.Rxa6 Nb8
22.Ra7 Qb6 23.Qf3 Qc6 24.Nd6+ 1-0

[Event "8th EUR-ch (w)"]
[Site "Dresden GER"]
[Date "2007.04.04"]
[Round "2"]
[White "Schulz, Stefanie"]
[Black "Guramishvili, Sopiko"]
[Result "1/2-1/2"]
[WhiteElo "2117"]
[BlackElo "2267"]
[EventDate "2007.04.03"]
[PlyCount "46"]

1.e4 c5 2.Nc3 a6 3.f4 b5 4.Nf3 Bb7 5.d3 e6 6.g3 Nf6 7.Bg2 d5 8.e5 Nfd7 9.
O-O Nc6 10.Ne2 Be7 11.c3 Rc8 12.Be3 a5 13.a3 Ba6 14.Qd2 Qc7 15.Rfc1 Qb7 
16.d4 Nb6 17.b3 cxd4 18.Nexd4 a4 19.b4 Nc4 20.Qd3 Qd7 21.Bf2 O-O 22.Qe2 
Nxd4 23.cxd4 Rc7 1/2-1/2

[Event "8th EUR-ch (w)"]
[Site "Dresden GER"]
[Date "2007.04.04"]
[Round "2"]
[White "Nagel, Verena"]
[Black "Karlovich, Anastazia"]
[Result "1/2-1/2"]
[WhiteElo "2079"]
[BlackElo "2266"]
[EventDate "2007.04.03"]
[PlyCount "69"]

1.d4 d5 2.Nf3 Bf5 3.Bf4 c6 4.c3 Nd7 5.Nbd2 h6 6.h3 e6 7.e3 Ngf6 8.Be2 Be7 
9.O-O O-O 10.Qb3 Qb6 11.Rfc1 Rfe8 12.c4 Ne4 13.c5 Qxb3 14.Nxb3 Bd8 15.Nbd2
a5 16.b3 Nxd2 17.Nxd2 e5 18.dxe5 Be7 19.e4 Bxe4 20.Nxe4 dxe4 21.Rc4 Nxc5 
22.Be3 b6 23.Bxc5 Bxc5 24.Rxe4 Rad8 25.Kf1 Rd2 26.f4 Kf8 27.Bf3 Red8 28.
Re2 Rd1+ 29.Rxd1 Rxd1+ 30.Re1 Rd2 31.Re2 Rd1+ 32.Re1 Be3 33.g3 c5 34.a4 
Ke7 35.Bd5 1/2-1/2

[Event "8th EUR-ch (w)"]
[Site "Dresden GER"]
[Date "2007.04.04"]
[Round "2"]
[White "Medic, Mirjana"]
[Black "Shmirina, Evgenija"]
[Result "1/2-1/2"]
[WhiteElo "2265"]
[BlackElo "2112"]
[EventDate "2007.04.03"]
[PlyCount "94"]

1.d4 d5 2.Nf3 e6 3.c4 f5 4.g3 Nf6 5.Bg2 c6 6.O-O Bd6 7.b3 O-O 8.Ba3 Bxa3 
9.Nxa3 Bd7 10.Nc2 Ne4 11.Ne5 Be8 12.f3 Nd6 13.c5 Nf7 14.Nd3 Nd7 15.e4 Nf6 
16.e5 Nd7 17.Qd2 b6 18.f4 Qe7 19.Qc3 Nd8 20.a4 Bh5 21.Rfe1 Nb7 22.b4 Rfc8 
23.a5 b5 24.a6 Nd8 25.Ne3 Nf7 26.Nf1 Nf8 27.Nd2 h6 28.Nb3 Nd8 29.Na5 Rc7 
30.Ra3 Qe8 31.Qd2 Nh7 32.Nf2 Kh8 33.h3 Rac8 34.Rea1 Qe7 35.Kh2 Rd7 36.Nd3 
Rcc7 37.Ne1 Qf7 38.Nc2 Re7 39.Ne3 Re8 40.Qf2 g5 41.Bf3 Bxf3 42.Qxf3 Rg8 
43.R3a2 Qg7 44.Rg2 Re7 45.Qe2 Qf7 46.Rf1 Qg6 47.h4 g4 1/2-1/2

[Event "8th EUR-ch (w)"]
[Site "Dresden GER"]
[Date "2007.04.04"]
[Round "2"]
[White "Seps, Monika"]
[Black "Bakalarz, Grazyna"]
[Result "1-0"]
[WhiteElo "2265"]
[BlackElo "2081"]
[EventDate "2007.04.03"]
[PlyCount "63"]

1.e4 g6 2.d4 Bg7 3.Nc3 d6 4.f4 c6 5.Be3 b5 6.a3 a6 7.Nf3 Nf6 8.h3 Bb7 9.
Bd3 Qc7 10.O-O O-O 11.e5 Nd5 12.Nxd5 cxd5 13.Qe1 Nc6 14.Qh4 e6 15.Ng5 h6 
16.Nf3 Qd8 17.Qg3 Ne7 18.f5 exf5 19.exd6 Nc8 20.Bf4 g5 21.d7 Qxd7 22.Nxg5 
hxg5 23.Bxg5 Qd6 24.Qh4 Re8 25.Bxf5 Ne7 26.Bh7+ Kf8 27.Qh5 f5 28.Bxf5 Nxf5
29.Rxf5+ Kg8 30.Qf7+ Kh8 31.Bf4 Qe6 32.Rh5+ 1-0

[Event "8th EUR-ch (w)"]
[Site "Dresden GER"]
[Date "2007.04.04"]
[Round "2"]
[White "Stiri, Alexandra"]
[Black "Von Herman, Brigitte"]
[Result "1-0"]
[WhiteElo "2258"]
[BlackElo "2070"]
[EventDate "2007.04.03"]
[PlyCount "89"]

1.e4 e5 2.Nf3 Nc6 3.d4 exd4 4.Nxd4 Bc5 5.Be3 Qf6 6.c3 Nge7 7.g3 d5 8.Bg2 
dxe4 9.Nd2 Bxd4 10.cxd4 O-O 11.O-O h6 12.Nxe4 Qg6 13.Nc3 Nb4 14.d5 Rd8 15.
Bc5 Nec6 16.Qb3 Na6 17.Be3 Ne5 18.Bd4 Ng4 19.Rfe1 c5 20.dxc6 bxc6 21.Qa4 
Rb8 22.Bxa7 Rxb2 23.h3 Nf6 24.Qxc6 Qf5 25.Ne4 Nxe4 26.Qxe4 Qa5 27.a3 Be6 
28.Bd4 Rd2 29.Be3 Rb2 30.Red1 Rc8 31.Qd4 Rb3 32.Rac1 Rcb8 33.Bf4 Re8 34.
Bd6 Qh5 35.g4 Qb5 36.Bc6 Qg5 37.Bxe8 Rxh3 38.Bg3 Bxg4 39.Qf4 Qxf4 40.Bxf4 
Bf3 41.Bh2 Bxd1 42.Rxd1 Rxa3 43.Rd8 Nc5 44.Ba4+ Kh7 45.Bc2+ 1-0

[Event "8th EUR-ch (w)"]
[Site "Dresden GER"]
[Date "2007.04.04"]
[Round "2"]
[White "Coimbra, Margarida"]
[Black "Andriasian, Siranush"]
[Result "0-1"]
[WhiteElo "2067"]
[BlackElo "2252"]
[EventDate "2007.04.03"]
[PlyCount "66"]

1.e4 c5 2.Nc3 a6 3.g3 b5 4.Bg2 Bb7 5.d3 e6 6.f4 g6 7.Nf3 Bg7 8.Be3 Qc7 9.
Qd2 Nf6 10.h3 d5 11.exd5 exd5 12.Bf2 O-O 13.O-O d4 14.Ne2 Nd5 15.c3 dxc3 
16.Nxc3 Nxc3 17.bxc3 Nd7 18.Rab1 Rad8 19.a4 bxa4 20.Qb2 Bc6 21.Qa3 Rfe8 
22.Rfe1 Qa5 23.d4 c4 24.Ne5 Nxe5 25.fxe5 Bxg2 26.Kxg2 Qd5+ 27.Kg1 Qd7 28.
Rb4 Bf8 29.Qxa4 Bxb4 30.Qxb4 Qc6 31.Ra1 Rb8 32.Qa4 Qd5 33.Qxa6 Ra8 0-1

[Event "8th EUR-ch (w)"]
[Site "Dresden GER"]
[Date "2007.04.04"]
[Round "2"]
[White "Dergatschova-Daus, Anna"]
[Black "Danelia, Mariam"]
[Result "1-0"]
[WhiteElo "2230"]
[BlackElo "2056"]
[EventDate "2007.04.03"]
[PlyCount "79"]

1.d4 Nf6 2.Nf3 e6 3.c4 b6 4.Nc3 Bb7 5.Bg5 Bb4 6.Qb3 c5 7.e3 O-O 8.O-O-O 
Nc6 9.d5 Na5 10.Qc2 Bxc3 11.bxc3 exd5 12.cxd5 d6 13.c4 Ba6 14.Nd2 h6 15.
Bh4 Qe7 16.Qf5 Qe5 17.Qxe5 dxe5 18.Bxf6 gxf6 19.Kc2 f5 20.Kc3 Kg7 21.e4 f4
22.Nf3 f6 23.g3 fxg3 24.hxg3 Nb7 25.d6 Rad8 26.Nh4 Rh8 27.Nf5+ Kg6 28.Be2 
h5 29.f4 Na5 30.Ne7+ Kg7 31.fxe5 fxe5 32.Rd5 Bb7 33.Rxe5 Rxd6 34.Nf5+ Kf6 
35.Nxd6 Rg8 36.Rf5+ Ke6 37.Nxb7 Rxg3+ 38.Rf3 Rxf3+ 39.Bxf3 Nxb7 40.e5 1-0

[Event "8th EUR-ch (w)"]
[Site "Dresden GER"]
[Date "2007.04.04"]
[Round "2"]
[White "Steil-Antoni, Fiona"]
[Black "Franciskovic, Borka"]
[Result "0-1"]
[WhiteElo "2018"]
[BlackElo "2227"]
[EventDate "2007.04.03"]
[PlyCount "68"]

1.e4 c6 2.d4 d5 3.Nc3 dxe4 4.Nxe4 Bf5 5.Ng3 Bg6 6.h4 h6 7.Nf3 Nd7 8.h5 Bh7
9.Bd3 Bxd3 10.Qxd3 e6 11.Bf4 Qa5+ 12.Bd2 Bb4 13.a3 Bxd2+ 14.Qxd2 Qc7 15.
O-O-O Ngf6 16.Kb1 O-O 17.Qe2 c5 18.Ne4 Rac8 19.Nxf6+ Nxf6 20.Ne5 Rfd8 21.
Rh4 b5 22.Nf3 b4 23.a4 c4 24.Qe5 Qb7 25.Ne1 Rd5 26.Qe2 Ra5 27.b3 Nd5 28.
Rh3 cxb3 29.cxb3 Nc3+ 30.Rxc3 Rxc3 31.Rd3 Qd5 32.Rxc3 bxc3 33.Qc2 Qxd4 34.
Nf3 Qf6 0-1

[Event "8th EUR-ch (w)"]
[Site "Dresden GER"]
[Date "2007.04.04"]
[Round "2"]
[White "Ohme, Melanie"]
[Black "Wilson, Alexandra"]
[Result "1-0"]
[WhiteElo "2225"]
[BlackElo "2034"]
[EventDate "2007.04.03"]
[PlyCount "53"]

1.e4 e6 2.d4 d5 3.Nc3 Bb4 4.exd5 exd5 5.Bd3 Nc6 6.a3 Be7 7.Nge2 Be6 8.O-O 
Qd7 9.Bf4 Bd6 10.Qd2 O-O-O 11.b4 Bxf4 12.Qxf4 Nge7 13.Na4 Qd6 14.Qd2 Nf5 
15.Qc3 Kb8 16.Nc5 Bc8 17.a4 b6 18.Rfb1 Qf6 19.Nb3 Ka8 20.a5 Qd6 21.Ra4 
Rhe8 22.Bb5 Nce7 23.Rba1 a6 24.axb6 cxb6 25.Bxa6 Bxa6 26.Rxa6+ Kb7 27.b5 
1-0